000 00761nam a2200241Ia 4500
005 20260430150714.0
008 008 250103s9999 xx 000 0 eng d
037 _aTheses
040 _aCRL
040 _beng
040 _ceng
041 _2eng
041 _aeng
084 _qCRL
100 _aKataria Suraj Au.; Saraswathy K. N. Gu.; Sachdeva M. P. Gu.
_91238257
245 0 _aAssociation and Prediction of Human Externally Visible Characteristics (EVCs) Using Single Nucleotide Polymorphisms (SNPs): Implications for Forensic DNA Phenotyping (FDP)
260 _c2024
300 _a249p.
650 _aAnthropology
700 _aUniversity of Delhi. Faculty of Science. Deptt. of Anthropology
942 _cTH
999 _c1850428
_d1850428